| 000 | 00729nam a22002175a 4500 | ||
|---|---|---|---|
| 005 | 20161219142842.0 | ||
| 008 | 161219t2014 enka frb 001 0 eng d | ||
| 020 | _a9780124017436 | ||
| 040 |
_aEG-ScBUE _beng _cEG-ScBUE _dEG-ScBUE |
||
| 082 | 0 | 4 |
_222 _a332.722 _bGRE |
| 100 | 1 | _aGreen, Richard K. | |
| 245 | 1 | 0 |
_aIntroduction to mortgages & mortgage backed securities / _cRichard Green. |
| 260 |
_aOxford ; _aWaltham ; _bAcademic Press / Elsevier, _cc.2014. |
||
| 300 |
_axi, 235 p. : _bill. ; _c24 cm. |
||
| 500 | _aIndex : p. 227-235. | ||
| 504 | _aIncludes bibliographical references. | ||
| 650 | 7 |
_2BUEsh _aMortgages. |
|
| 650 | 7 |
_2BUEsh _aMortgage-backed securities. _936731 |
|
| 653 |
_bBUSADM _cDecember2016 |
||
| 942 | _2ddc | ||
| 999 |
_c23635 _d23607 |
||